000 00587nam a2200181Ia 4500
008 151018s9999 xx 000 0 und d
082 _bRBASDV15116
_a891.433
100 _aनरेंद्र कोहली
245 _aसंघर्ष कि ओर
250 _b1
260 _bहिंद पॉकेट बुक्स
_c1980
300 _a191
600 _aनरेंद्र कोहली
630 _aसंघर्ष कि ओर
700 _aनरेंद्र कोहली
730 _aसंघर्ष कि ओर
942 _cBOOK
999 _c1015844
_d1015841